| 000 | 00848cam a22002415a 4500 | ||
|---|---|---|---|
| 001 | E153004 | ||
| 008 | 110523s2011 xxka f 000 0 eng u | ||
| 020 | _a9781848061606 | ||
| 035 | _a(Sirsi) u153004 | ||
| 041 | 0 | _aeng | |
| 050 | 0 | 4 | _a692.21 $2 18 |
| 100 | 1 | _aWilliams, Corinne | |
| 245 | 0 | 0 |
_aResidential sprinkler systems for fire protection _bpart 1, introduction |
| 260 |
_aWatford _bIHS BRE _c2011 |
||
| 300 |
_a12p. _bill. _c30cm. |
||
| 490 | 0 |
_aBRE Digest _vDG 519 Part 1 |
|
| 520 | _aOffers an introduction to residential sprinklers, and looks at their benefits. DG 519 Part 2 (E153003) discusses BS 9251 "Sprinkler Systems for Residential and Domestic Occupancies - Code of Practice". | ||
| 521 | _aAdvanced | ||
| 590 | _aKA | ||
| 651 | 4 |
_aUnited Kingdom _y |
|
| 690 | _aMANAGEMENT-HEALTH AND SAFETY-FIRE SAFETY | ||
| 942 | _n0 | ||
| 999 |
_c112317 _d112317 |
||